[Event "IECC CL6-2018.02 email"]
[Site "IECC email"]
[Date "2018.12.25"]
[Round "?"]
[White "Graupera, Carlos"]
[Black "Che, Tai"]
[Result "0-1"]
[WhiteElo "1302"]
[BlackElo "1281"]
[PlyCount "40"]
[EventDate "2018.??.??"]
[EventType "tourn (corr)"]
[EventRounds "4"]
[SourceTitle "Corr 2020"]
[Source "ChessBase"]
[SourceDate "2019.09.30"]
[SourceVersion "1"]
[SourceVersionDate "2019.09.30"]
[SourceQuality "1"]
[WhiteTeam "United States"]
[BlackTeam "Canada"]
[WhiteTeamCountry "USA"]
[BlackTeamCountry "CAN"]

1. Nf3 Nf6 2. c4 e6 3. g3 d5 4. Bg2 c6 5. b3 Bd6 6. d4 0-0 7. 0-0 Nbd7 8. Bb2 Ne4 9. Nbd2 Ndf6 10. Nxe4 Nxe4 11. Nd2 f5 12. f3 Nf6 13. e4 fxe4 14. fxe4 dxe4 15. Nxe4 Nxe4 16. Bxe4 Qg5 17. Rxf8+ Bxf8 18. Qf3 Bd7 19. Rf1 Qe7 20. d5 cxd5 0-1

[Event "IECC O-4464"]
[Site "IECC email"]
[Date "2017.01.05"]
[Round "?"]
[White "Meetze, Bill"]
[Black "Graupera, Carlos"]
[Result "0-1"]
[WhiteElo "1427"]
[BlackElo "1370"]
[PlyCount "92"]
[EventDate "2017.??.??"]
[EventType "swiss (corr)"]
[EventRounds "2"]
[SourceTitle "Corr 2020"]
[Source "ChessBase"]
[SourceDate "2019.09.30"]
[SourceVersion "1"]
[SourceVersionDate "2019.09.30"]
[SourceQuality "1"]
[WhiteTeam "United States"]
[BlackTeam "United States"]
[WhiteTeamCountry "USA"]
[BlackTeamCountry "USA"]

1. e4 e6 2. d4 d5 3. Nd2 dxe4 4. Nxe4 Qd5 5. Bd3 Nf6 6. Nxf6+ gxf6 7. Nf3 Rg8 8. 0-0 Nc6 9. c4 Qh5 10. Bf4 Bd6 11. Bxd6 cxd6 12. d5 Ne7 13. Re1 Bd7 14. Re4 Ng6 15. dxe6 fxe6 16. Be2 Qf5 17. Qb1 Nf4 18. Rxf4 Qxf4 19. Qxh7 0-0-0 20. g3 Bc6 21. Kf1 Qg4 22. h3 Qg7 23. Qxg7 Rxg7 24. h4 d5 25. Nd4 Re7 26. Rc1 Kb8 27. Bg4 f5 28. Bf3 dxc4 29. Nxc6+ bxc6 30. Ke1 Rb7 31. Rc2 Rd6 32. Be2 c3 33. b3 Rd2 34. Rxd2 cxd2+ 35. Kxd2 Kc7 36. Ba6 Rb8 37. Ke3 Kd6 38. h5 Rh8 39. Be2 Ke5 40. Bd1 c5 41. Be2 Kf6 42. Bd1 e5 43. g4 fxg4 44. Bxg4 Rg8 45. Bf3 Rd8 46. Be4 Kg5 0-1